[Event "Condino op 12th"]
[Site "Condino"]
[Date "2012.07.22"]
[Round "1"]
[White "Pellicoro, Roberto"]
[Black "Girelli, Sergio"]
[Result "1/2-1/2"]
[WhiteElo "1530"]
[BlackElo "1889"]
[PlyCount "154"]
[EventDate "2012.07.22"]
[EventType "swiss"]
[EventRounds "7"]
[EventCountry "ITA"]
[SourceTitle "CBM 149 Extra"]
[Source "ChessBase"]
[SourceDate "2012.08.24"]
[SourceVersion "1"]
[SourceVersionDate "2012.08.24"]
[SourceQuality "1"]

1. e4 c5 2. Nf3 d6 3. Bc4 Nc6 4. 0-0 e6 5. d4 cxd4 6. Nxd4 Nf6 7. Bb5 Bd7 8. Nc3 Be7 9. Bg5 0-0 10. Nxc6 Bxc6 11. Bd3 Qc7 12. Qf3 Rac8 13. Qh3 e5 14. f4 Bd7 15. Qg3 Nh5 16. Qh4 Bxg5 17. fxg5 Nf4 18. Nd5 Qc5+ 19. Kh1 Ng6 20. Qh5 Be6 21. Rad1 Bxd5 22. exd5 Qxd5 23. Bf5 Qxa2 24. Bxc8 Rxc8 25. Qf3 Qe6 26. Qxb7 Rxc2 27. Qb8+ Rc8 28. Qxa7 Nf4 29. Qb7 Qc4 30. b3 Qc6 31. Qxc6 Rxc6 32. b4 Kf8 33. g3 Ne6 34. h4 Rb6 35. Rfe1 Rxb4 36. Rxd6 Rb5 37. Rc1 Ke7 38. Ra6 Rb7 39. Re1 f6 40. Kh2 Nd4 41. gxf6+ gxf6 42. Rf1 f5 43. Ra5 Ke6 44. Ra6+ Kd5 45. Ra5+ Ke6 46. Ra6+ Kd5 47. Rd1 Rd7 48. Ra5+ Ke6 49. Kg2 Rg7 50. Re1 f4 51. Raxe5+ Kf6 52. Rg5 Rxg5 53. hxg5+ Kxg5 54. Re5+ Nf5 55. gxf4+ Kxf4 56. Re8 h5 57. Rh8 Kg4 58. Rg8+ Kf4 59. Kh3 h4 60. Rf8 Kg5 61. Rf7 Kf4 62. Ra7 Kg5 63. Ra4 Kh5 64. Rg4 Kh6 65. Rg8 Kh5 66. Kg2 Nd4 67. Rf8 Kg4 68. Kf2 h3 69. Rg8+ Kh4 70. Ke3 Nf5+ 71. Kf4 Ng3 72. Rxg3 h2 73. Rg8 Kh3 74. Rg3+ Kh4 75. Rg8 Kh3 76. Rh8+ Kg2 77. Rg8+ Kh3 1/2-1/2

[Event "Udine Tre Circoli op"]
[Site "Udine"]
[Date "2012.02.25"]
[Round "5"]
[White "Gentile, Bruno"]
[Black "Pellicoro, Roberto"]
[Result "0-1"]
[WhiteElo "1338"]
[BlackElo "1404"]
[PlyCount "87"]
[EventDate "2012.01.21"]
[EventType "swiss"]
[EventRounds "7"]
[EventCountry "ITA"]
[SourceTitle "EXT 2014"]
[Source "ChessBase"]
[SourceDate "2013.11.20"]
[SourceVersion "1"]
[SourceVersionDate "2013.11.20"]
[SourceQuality "1"]

1. e4 e5 2. Nf3 Nc6 3. Bb5 Nf6 4. 0-0 Bc5 5. Bxc6 dxc6 6. c3 Bd6 7. Re1 0-0 8. d3 c5 9. Nbd2 b6 10. Nc4 Bg4 11. Re3 b5 12. Ncd2 Qc8 13. Qf1 a6 14. a4 b4 15. a5 bxc3 16. bxc3 Nh5 17. Nh4 Be7 18. Nhf3 g6 19. h3 Bxf3 20. Nxf3 Nf4 21. Nxe5 Bf6 22. d4 cxd4 23. cxd4 Qd8 24. Qc4 Bxe5 25. dxe5 Qd1+ 26. Qf1 Qd4 27. Ba3 Rfd8 28. Rb1 Qxe5 29. Bb2 Qxa5 30. Qc4 Qg5 31. Rg3 Qe7 32. e5 Ne6 33. Ra1 Rdb8 34. Ba3 Qd7 35. Kh2 Qb5 36. Qc1 Nd4 37. Re3 Nb3 38. Rxb3 Qxb3 39. Qxc7 Qd5 40. Bd6 Rd8 41. Qb6 Rxd6 42. exd6 Qe5+ 43. g3 Qxa1 44. Qc7 0-1

[Event "Udine Tre Circoli op"]
[Site "Udine"]
[Date "2012.02.18"]
[Round "4"]
[White "Pellicoro, Roberto"]
[Black "Marziali, Giulio"]
[Result "0-1"]
[WhiteElo "1404"]
[BlackElo "1502"]
[PlyCount "58"]
[EventDate "2012.01.21"]
[EventType "swiss"]
[EventRounds "7"]
[EventCountry "ITA"]
[SourceTitle "EXT 2014"]
[Source "ChessBase"]
[SourceDate "2013.11.20"]
[SourceVersion "1"]
[SourceVersionDate "2013.11.20"]
[SourceQuality "1"]

1. e4 c6 2. Nf3 d5 3. Nc3 e6 4. d3 Nf6 5. Bg5 Be7 6. Be2 h6 7. Bxf6 Bxf6 8. e5 Be7 9. 0-0 c5 10. d4 Nc6 11. Bb5 a6 12. Bxc6+ bxc6 13. Ne2 0-0 14. c3 Rb8 15. b3 Bd7 16. dxc5 Bxc5 17. b4 Ba7 18. Qa4 Qc8 19. Qc2 c5 20. bxc5 Qxc5 21. Qd3 Rfc8 22. Qxa6 Bb5 23. Qd6 Qxd6 24. exd6 Bxe2 25. d7 Rxc3 26. Rfc1 d4 27. Rab1 Rd8 28. Ne5 f6 29. Nc6 Rxd7 0-1

[Event "Udine Tre Circoli op"]
[Site "Udine"]
[Date "2012.01.21"]
[Round "1"]
[White "Ciani, Davide"]
[Black "Pellicoro, Roberto"]
[Result "0-1"]
[WhiteElo "1719"]
[BlackElo "1404"]
[PlyCount "48"]
[EventDate "2012.01.21"]
[EventType "swiss"]
[EventRounds "7"]
[EventCountry "ITA"]
[SourceTitle "EXT 2014"]
[Source "ChessBase"]
[SourceDate "2013.11.20"]
[SourceVersion "1"]
[SourceVersionDate "2013.11.20"]
[SourceQuality "1"]

1. d4 d5 2. Nf3 Nf6 3. e3 e6 4. c3 Nc6 5. Bd3 Bd6 6. Nbd2 0-0 7. e4 dxe4 8. Nxe4 Nxe4 9. Bxe4 f5 10. Bxc6 bxc6 11. 0-0 Qf6 12. Bg5 Qg6 13. Qc2 Bb7 14. Qd3 c5 15. Bd2 cxd4 16. cxd4 Be4 17. Qe3 f4 18. Qc3 Bb4 19. Qxb4 Bxf3 20. g3 fxg3 21. fxg3 Qc2 22. Rac1 Qe4 23. Rce1 Qg4 24. Bf4 Rxf4 0-1